[Event "Wch FIDE Online U14 Girls Asia qual"]
[Site "Tornelo INT"]
[Date "2020.12.12"]
[Round "3"]
[White "Kiyan Mohamed, Usamath"]
[Black "Gratchev, Ekaterina"]
[Result "0-1"]
[WhiteElo "1199"]
[BlackElo "1436"]
[PlyCount "68"]
[EventDate "2020.12.11"]
[EventType "swiss (rapid)"]
[EventRounds "7"]
[EventCountry "ISS"]
[SourceTitle "EXT 2022"]
[Source "ChessBase"]
[SourceDate "2021.10.06"]
[SourceVersion "1"]
[SourceVersionDate "2021.10.06"]
[SourceQuality "1"]

1. e4 c5 2. Nf3 d6 3. Nc3 Nf6 4. d4 cxd4 5. Nxd4 g6 6. Nb3 Bg7 7. Be3 0-0 8. Bc4 Ng4 9. 0-0 Nxe3 10. fxe3 Nc6 11. Qd2 Ne5 12. Be2 Bd7 13. Bf3 Nc4 14. Qd3 Nxb2 15. Qd2 Rc8 16. Nd4 Nc4 17. Qe2 Ne5 18. Nd5 e6 19. Nf4 Nxf3+ 20. Qxf3 e5 21. Nxg6 hxg6 22. Ne2 Rxc2 23. Ng3 Bb5 24. Rfe1 Qf6 25. Qxf6 Bxf6 26. h3 Bh4 27. a4 Bxg3 28. Red1 Bc6 29. Kh1 Bxe4 30. Kg1 Rxg2+ 31. Kf1 Rf2+ 32. Kg1 Rh2 33. Kf1 Bf3 34. Kg1 Rh1# 0-1